000 00297nam a22001337a 4500
008 170627b xxu||||| |||| 00| 0 eng d
020 _a9780872894174
041 _aeng
080 _a32
100 _a21
101 _aSHP
245 _aTHE POLITICS OF GUN CONTROL
_cSPITZER,R.J
942 _2udc
_cBK
999 _c19142
_d19142